Privatización y desarrollo / (Registro nro. 12481)
[ vista simple ]
| 000 -LEADER | |
|---|---|
| fixed length control field | 02237nam a2200241Ia 4500 |
| 003 - CONTROL NUMBER IDENTIFIER | |
| control field | OSt |
| 005 - DATE AND TIME OF LATEST TRANSACTION | |
| control field | 20210916094202.0 |
| 008 - FIXED-LENGTH DATA ELEMENTS--GENERAL INFORMATION | |
| fixed length control field | 130821s1989 mx gr spa |
| 020 ## - INTERNATIONAL STANDARD BOOK NUMBER | |
| International Standard Book Number | 9682432618 |
| 040 ## - CATALOGING SOURCE | |
| Original cataloging agency | Co-BoUCM |
| Language of cataloging | spa |
| Transcribing agency | CO-JMCR |
| 041 0# - LANGUAGE CODE | |
| Language code of text/sound track or separate title | spa |
| 082 04 - DEWEY DECIMAL CLASSIFICATION NUMBER | |
| Classification number | 338.9 / |
| Item number | H241r |
| Edition number | 23 |
| 100 1# - MAIN ENTRY--PERSONAL NAME | |
| Personal name | Hanke, Steve H. |
| Relator term | autor |
| 9 (RLIN) | 40524 |
| 245 10 - TITLE STATEMENT | |
| Title | Privatización y desarrollo / |
| Statement of responsibility, etc. | Steve H. Hanke |
| 260 ## - PUBLICATION, DISTRIBUTION, ETC. | |
| Place of publication, distribution, etc. | México : |
| Name of publisher, distributor, etc. | Trillas: Centro Internacional de Desarrollo Económico, |
| Date of publication, distribution, etc. | 1989 (reimpr1991) |
| 300 ## - PHYSICAL DESCRIPTION | |
| Extent | 239 páginas ; |
| Dimensions | 24 cm. |
| 504 ## - BIBLIOGRAPHY, ETC. NOTE | |
| Bibliography, etc. note | Incluye índices y lecturas recomendadas |
| 505 0# - FORMATTED CONTENTS NOTE | |
| Formatted contents note | La privatización en el mundo en desarrollo. -- Los fundamentos de la privatización. -- Planificación para la privatización. -- Privatización para impulsar el desarrollo. -- Ejemplos de privatización. |
| 520 0# - SUMMARY, ETC. | |
| Summary, etc. | En los últimos años, el fenómeno de la privatización se ha convertido en "área de crecimiento" para muchos países en vías de desarrollo, que ven en la subcontratación o venta de funciones u organismos estatales a grupos privados, una opción para atenuar, por una parte, sus crisis presupuestales y, por otra, una estrategia de desarrollo basada en la idea de que la disciplina competitiva en los mercados privados aumenta la eficiencia y la producción a bajos costos, sin descuidar la calidad. Aunque este movimiento se contrapone a la opinión de algunos sectores económicos de naciones desarrolladas -Gran Bretaña, entre éstas- que juzgan a la privatización como un retroceso hacia la concentración de poder y riqueza en pocas manos, sus resultados demuestran, con el paso del tiempo, que estimula el denominado "capitalismo popular", y que por alguna razón ha despertado el interés de los países socialistas y del bloque oriental. Steve H. Hanke considera aquí una amplia gama de temas relacionados con la privatización y explora sus aplicaciones prácticas en países específicos. La obra se propone ser un manual de "cómo hacerlo" en cuanto a la técnica de la privatización, y está dirigida a economistas, administradores de empresas, funcionarios públicos y políticos. |
| 650 14 - SUBJECT ADDED ENTRY--TOPICAL TERM | |
| Topical term or geographic name entry element | Desarrollo económico |
| 9 (RLIN) | 12956 |
| 650 24 - SUBJECT ADDED ENTRY--TOPICAL TERM | |
| Topical term or geographic name entry element | Política industrial |
| 9 (RLIN) | 21989 |
| 942 ## - ADDED ENTRY ELEMENTS (KOHA) | |
| Koha item type | Books |
| Source of classification or shelving scheme | Dewey Decimal Classification |
| Withdrawn status | Lost status | Source of classification or shelving scheme | Damaged status | Not for loan | Home library | Current library | Shelving location | Date acquired | Source of acquisition | Full call number | Barcode | Date last seen | Copy number | Price effective from | Koha item type |
|---|---|---|---|---|---|---|---|---|---|---|---|---|---|---|---|
| Dewey Decimal Classification | Biblioteca Pública José María del Castillo y Rada | Biblioteca Pública José María del Castillo y Rada | General Stacks | 04/15/2018 | Donación | 338.9 / H241r | 430005469 | 05/16/2024 | Ej.1 | 03/10/2021 | Books |